000
00309nam a2200133Ia 4500
005
20260328101456.0
008
260328s9999||||xx |||||||||||||| ||und||
100
_a
Holzer, Richard
245
0
_a
Richard Holzer /
_c
Richard Holzer
260
_b
Images
300
_a
224 p.
650
_a
ARQUITECTOS
942
_c
BK
999
_c
8837
_d
8837